000 00718nam a2200229Ii 4500
003 JO-AjNU
008 230605s9999||||xx |||||||||||||| ||und||
017 _a2011/8/3238
020 _a978-9957-07-963-5
040 _aJO-AjNU
_bara
_erda
_cJO-AjNU
041 _aara
050 1 4 _aBF636.K3435.2012
100 3 _aكفافي،علاء الدين ,
_eauthor
_943021
245 0 0 _aالصحة النفسية والارشاد النفسي
250 _aط1
264 3 1 _aعمان:دار الفكر ناشرون وموزعون ،2012
300 _a480ص
336 _atext
_btxt
_2rdacontent
337 _aunmediated
_bn
_2rdamedia
338 _avolume
_bnc
_2rdacarrier
650 4 _aالصحة النفسية
_943022
999 _aA18465
_c22033
_d22033